000
00324nam a2200133Ia 4500
008
231129s1974||||xx |||||||||||||| ||spa||
040
_b
rus
082
_a
621.8 B171f
100
_a
Balakshin B.
245
0
_a
Fundamentos de tecnologia de construccion de maquinaria
260
_c
1974
264
_a
Mir
942
_2
ddc
_c
BKS
999
_c
14288
_d
14288